Intuitivní život : nalaďte se na svou intuici a buďte sami sebou /

Main Author: Willard, Jill
Other Authors: Hegedüsová, Romana
Language: Czech
Published: Brno : BizBooks, 2018
Edition: 1. vydání
Subjects:
Physical Description: 270 stran ; 24 cm
Book
Saved in:
LEADER 02258nam a2200649 i 4500
001 nkc20183019456
003 CZ PrNK
005 20180927093245.0
007 ta
008 180808s2018 xr e f 000 0 cze
015 |a cnb003019456 
020 |a 978-80-265-0779-6  |q (vázáno) :  |c Kč 399,00 
035 |a (OCoLC)1056247836 
040 |a BOA001  |b cze  |e rda 
041 1 |a cze  |h eng 
072 7 |a 159.95  |x Vyšší duševní procesy  |2 Konspekt  |9 17 
080 |a 159.956  |2 MRF 
080 |a 577.337  |2 MRF 
080 |a 133  |2 MRF 
080 |a 133.5:118  |2 MRF 
080 |a 159.923.35  |2 MRF 
080 |a 165.24  |2 MRF 
080 |a 233-534.55  |2 MRF 
080 |a 17.02  |2 MRF 
080 |a (0.062)  |2 MRF 
100 1 |a Willard, Jill  |7 mzk20181003806  |4 aut 
245 1 0 |a Intuitivní život :  |b nalaďte se na svou intuici a buďte sami sebou /  |c Jill Willardová ; překlad: Romana Hegedüsová 
250 |a 1. vydání 
264 1 |a Brno :  |b BizBooks,  |c 2018 
300 |a 270 stran ;  |c 24 cm 
336 |a text  |b txt  |2 rdacontent 
337 |a bez média  |b n  |2 rdamedia 
338 |a svazek  |b nc  |2 rdacarrier 
500 |a Přeloženo z angličtiny 
650 0 7 |a intuice  |7 ph121166  |x esoterické pojetí  |2 czenas 
650 0 7 |a energetický systém člověka  |7 ph137672  |x esoterické pojetí  |2 czenas 
650 0 7 |a čakry  |7 ph119371  |2 czenas 
650 0 7 |a lidská psychika  |7 ph117220  |2 czenas 
650 0 7 |a meditační techniky  |7 ph135741  |2 czenas 
650 0 7 |a mantry  |7 ph115222  |2 czenas 
650 0 7 |a životní harmonie  |7 ph138147  |2 czenas 
650 0 9 |a intuition  |x esoteric approach  |2 eczenas 
650 0 9 |a human bioenergetics  |x esoteric approach  |2 eczenas 
650 0 9 |a chakra (hinduism)  |2 eczenas 
650 0 9 |a human psychic  |2 eczenas 
650 0 9 |a meditation techniques  |2 eczenas 
650 0 9 |a mantras  |2 eczenas 
650 0 9 |a harmony of life  |2 eczenas 
655 7 |a populárně-naučné publikace  |7 fd131864  |2 czenas 
655 9 |a popular works  |2 eczenas 
700 1 |a Hegedüsová, Romana  |7 osa2014833331  |4 trl 
910 2 |a BOA001  |b 2-1413.330 
928 9 |a Albatros Media - BizBooks 
990 |a BK 
995 |a 01 
991 |b 201808  |c NOV 
996 6 |b 2610750889  |c 2-1413.330  |l MZK  |r Sklad / do 1 hodiny  |n 2  |p p.v.  |w 001677643  |u 000010  |a 1  |e BOA001  |j MZK50  |s P